[Event "RUS-ch (Women) 65th"]
[Site "Chita"]
[Date "2015.08.17"]
[Round "8"]
[White "Kashlinskaya, Alina"]
[Black "Kovalevskaya, Ekaterina"]
[Result "1/2-1/2"]
[WhiteElo "2441"]
[BlackElo "2453"]
[Annotator "Sagar Shah"]
[PlyCount "119"]
[EventDate "2015.08.09"]
[EventType "tourn"]
[EventRounds "11"]
[EventCountry "RUS"]
[EventCategory "9"]
[SourceTitle "EXT 2016"]
[Source "ChessBase"]
[SourceDate "2015.10.08"]
[SourceVersion "1"]
[SourceVersionDate "2015.10.08"]
[SourceQuality "1"]

{This was by far the most interesting and exciting game of round eight.} 1. d4
Nf6 2. c4 e6 3. Nc3 d5 4. cxd5 exd5 5. Bg5 c6 6. Qc2 Be6 {Being a Queen's
Gambit player for my entire life I find this move to be odd. Is the bishop
really well placed on e6 than it was on c8? Is it worth wasting a move to get
it on e6?} 7. e3 Nbd7 8. Bd3 h6 9. Bh4 g5 {This sort of play would have made
the old masters of Queen's Gambit like Rubinstein, Capablanca, Alekhine quite
unhappy! But what to do. Modern theory is not bound to those old ways of
playing.} 10. Bg3 Nh5 11. Nge2 Nxg3 12. Nxg3 Nf6 13. Rb1 {Against Black's
ambitious play with h6-g5, I think the best way would have been to break in
the centre with f3 and e4. Hence I do not like this slow plan of minority
attack with Rb1-b4.} (13. O-O Bd6 (13... h5 14. Nf5 Ne4 {like in the game no
longer works now as 0-0 is more useful than Rb1.} 15. Nxe4 Bxf5 16. Nf6+ Qxf6
17. Bxf5 $16) 14. Nf5 Bxf5 15. Bxf5 O-O 16. f3 {And with Rae1 and sooner or
later e4, the h6-g5 weaknesses will make themselves felt.}) 13... h5 $5 14. Nf5
Ne4 $5 {A very interesting tactical idea.} 15. Bxe4 {Alina rightly takes a lot
of time for this move. 24 minutes! She had to make sure that she was not
falling into any traps.} (15. Nxe4 dxe4 (15... Bxf5 16. Nf6+ Qxf6 17. Bxf5 Bb4+
$13) 16. Bxe4 Qa5+ 17. b4 Bxb4+ 18. Kf1 O-O-O $13) 15... dxe4 16. Qxe4 Qf6 17.
d5 $1 {This is surely the move that was prepared before hand by Alina.} (17.
Ng3 h4 18. Nge2 O-O-O {Would have given Black super compensation for the pawn.}
) 17... cxd5 18. Qa4+ Bd7 19. Qd4 $1 {With this nice little idea of d4-d5,
Qa4+ and Qd4 White is able to get a very pleasant endgame.} Qxd4 20. Nxd4 Bb4
21. Ke2 {The correct decision. Many players are quite obsessed with the idea
of having a perfect pawn structure. Such players would have gone for the move
Kd2. But I think it would have reduced White's chances for an advantage. Let's
have a look at a sample line.} (21. Kd2 Rc8 22. Rhc1 Ke7 23. a3 Bxc3+ 24. Rxc3
Rxc3 25. Kxc3 Rc8+ 26. Kd2 Kd6 27. Rc1 Rxc1 28. Kxc1 $11 {Here Black should be
easily able to defend this so called inferior endgame because of his space
advantage on the kingside and also because none of his pawns are fixed.}) 21...
Bxc3 {Ekaterina makes a risky decision. Firstly because she gives up her
bishop pair and secondly because she has opened up Nimzowitsch's mysterious
rook on b1!} 22. bxc3 b6 23. Nb5 $1 {A very nice move. This move looks logical
at first sight but during the game you have to forgo your prejudices like
exchange of your superior knight with the inferior bishop to make this move.
Here concrete reasons like the weakness of the d5 pawn allows to make this
decision successfully.} (23. h4 $5 {looked pretty thematic in order to secure
the f4 square. Black would do well not to push his pawn ahead and defend it
with f6.} f6 $14) 23... Ke7 (23... Bxb5+ 24. Rxb5 Rc8 25. Rc1 $16) 24. Nc7 Rac8
25. Nxd5+ {White has won a pawn but now the d7 bishop is no longer so passive.
The position is slightly better for White but Black has her share of chances.}
Ke6 26. Rhd1 Rc5 27. e4 Rhc8 28. Rd4 (28. f4 $5 gxf4 29. Nxf4+ Ke7 (29... Ke5
30. Nd3+) 30. Nd5+ {was a combative way to play. Create more weaknesses in
your position but also give some more to your opponent too.}) (28. h4 gxh4 29.
Rh1 f5 $1 $132) 28... Bb5+ {Kovalevskaya decides to keep her bishop on c4.} (
28... Ra5 $5) 29. Kd2 Bc4 30. Ne3 Bxa2 $1 {Taking the pawn was not without
it's dangers but Black takes up the challenge. The game enters a concrete
phase which is highly interesting.} 31. Ra1 Ra5 32. c4 {Closing the bishop and
threatening Kc3-b2 trapping the poor guy.} Rcc5 (32... Ra6 $5 {This move
reminds me of the 20th game between Max Euwe and Alexander Alekhine where the
fifth World Champion placed his rook on a2 to prevent Black from coming out of
the pin with Bb5. Here Ekaterina could have done the same with Ra6! to prevent
Kc3 thanks to Bxc4!} 33. Kc3 $2 Bxc4 $1 $17) 33. Kc3 Ra3+ 34. Kb2 Rca5 35. Rd5
$1 {A very strong move getting rid of one of the rooks.} Rb3+ 36. Kc1 (36. Kc2
$16 {was natural and good. I wonder why Kashlinskaya rejected the move.}) 36...
Ra4 37. Rxg5 Rbb4 38. Nc2 $2 (38. Rxh5 Bxc4 39. Rxa4 Rxa4 40. h4 $16 {Would
have given White good winning chances.}) 38... Rxc4 $2 (38... Bxc4 $1 $11 {
A neat little tactic!}) 39. Kb2 Rc8 40. Rxh5 a6 41. Rh6+ f6 42. Ne3 $2 {
Diagram [#] The bishop is hanging on a2 now. How does Black save himself?} (42.
Rh5 $1 {preventing Rc5 would have given White nearly a winning position.})
42... Rc5 $1 (42... Bb3 $2 43. Rxa4 Bxa4 44. Ng4 $1 Rf8 45. h4 $18) (42... Ra5
$1 {was the other solution after from the game.} 43. Rxa2 Rb5+ 44. Ka3 (44. Ka1
$2 Rc1# {would be a sad demise.}) 44... Ra5+ 45. Kb3 Rb5+ $11 {with a
perpetual check.}) (42... a5 $6 43. Rh5 $1 (43. Rxa2 $4 Rb4+ 44. Ka3 Rc3#)
43... Rb4+ 44. Kxa2 b5 45. Nd5 $18) 43. Nc2 {Alina keeps fighting. She doesn't
agree to a draw so easily.} (43. Rxa2 Rb4+ $1 (43... Rb5+ $2 {fails because of
a nice variation.} 44. Ka1 Rab4 {Diagram [#] It seems as if the game should
end in a draw now but White has a beautiful shot at his disposal.} 45. Rxf6+ $3
(45. Rxa6 Rb1+ 46. Ka2 R1b2+ $11) (45. Rd2 Ra4+ 46. Ra2 Rab4 {would just
repeat the position.}) 45... Kxf6 (45... Ke7 46. Nd5+ $18) (45... Kd7 46. Rd2+
$18) (45... Ke5 46. Rf5+ $18) 46. Nd5+ $18) 44. Ka3 (44. Ka1 Rc1#) 44... Rb1 $1
{the only way to avoid a mate of a5 is with} 45. Nc4 (45. Rb2 Ra5+ 46. Kb3 Rb5+
$17) 45... Rxc4 46. Rd2 Rxe4 $15) 43... Rb5+ 44. Kc3 (44. Kc1 Rc5 $11) 44...
Rc5+ 45. Kd3 (45. Kd2 Bb3 $15) 45... Bc4+ 46. Ke3 Rxa1 47. Nxa1 Bf1 $1 {
Now the g2 pawn hangs and the knight is threatened to be trapped with Rc1.} 48.
g4 $1 {The game enters a new phase where White's rook+pawns will fight it out
against Black's rook+bishop.} Rc1 49. g5 Rxa1 50. Rxf6+ Ke7 51. h4 $1 (51. Rxb6
a5 52. f4 a4 53. f5 a3 54. f6+ Kf7 55. Rb7+ Kg6 56. Kf4 Bc4 (56... a2 $2 57.
Kg4 $3 Bh3+ 58. Kh4 $18) 57. Rg7+ Kh5 58. Rh7+ Kg6 59. Rg7+ $11) 51... Ra3+ 52.
Kd4 Rh3 53. Rxb6 Rxh4 54. Ke5 {It seemed to me that White's position is much
easier to play. All that she has to do is push her pawns and check with the
rook.} Rh2 55. f4 Rc2 56. g6 $6 (56. Rb7+ Kf8 57. f5 $18 {would have given
White a winning position.}) 56... Rc5+ {Instead of black king being pushed
back it's the white king who has to retreat.} 57. Kd4 Rb5 $1 58. Rc6 Rb4+ 59.
Ke3 Rxe4+ $1 {A nice little tactic to end the game.} (59... Bg2 60. g7 Rxe4+
61. Kf2 Kf7 $11) 60. Kxe4 {The players agreed to a draw. A fighting game and
great skills shown by both the players.} 1/2-1/2

[Event "EU-Cup 09th final"]
[Site "Hilversum"]
[Date "1993.12.11"]
[Round "2"]
[White "Salov, Valery"]
[Black "Van der Sterren, Paul"]
[Result "1-0"]
[WhiteElo "2685"]
[BlackElo "2525"]
[Annotator "Salov,V"]
[PlyCount "93"]
[EventDate "1993.12.10"]
[EventType "team-k.o."]
[EventRounds "3"]
[EventCountry "NED"]
[SourceTitle "EXT 2020"]
[Source "ChessBase"]
[SourceDate "2019.10.17"]
[SourceVersion "1"]
[SourceVersionDate "2019.10.17"]
[SourceQuality "1"]
[WhiteTeam "Lyon-Oyonnax Echecs"]
[BlackTeam "Hilversum"]
[WhiteTeamCountry "FRA"]
[BlackTeamCountry "NED"]

1. c4 e6 2. Nc3 d5 3. d4 Nf6 4. cxd5 exd5 5. Bg5 c6 6. e3 Be7 7. Bd3 O-O 8.
Nge2 Nbd7 9. Qc2 Re8 10. h3 Nf8 11. g4 a5 12. Ng3 h6 $1 {N} 13. Bxf6 (13. Bf4
$2 Ne6 14. Be5 Nd7 $17) 13... Bxf6 14. Nce2 g6 15. Kf1 Qd6 $1 {/\b7-b6,c6-c5}
16. Rc1 $1 Bd7 17. Kg2 b6 $2 (17... Bh4 $1 $15) 18. h4 $1 $14 c5 $8 (18... Rac8
19. h5 $1 $16) 19. dxc5 bxc5 20. Qxc5 Qxc5 21. Rxc5 Bxg4 22. h5 g5 (22... gxh5
$5) 23. Bf5 $1 Bxe2 24. Nxe2 Bxb2 (24... d4 $1 25. Nxd4 Bxd4 26. exd4 Rad8 27.
Rd1 $14) 25. Rxd5 Re5 26. Rhd1 a4 27. Ng3 Ra5 28. Rxa5 Rxa5 29. Bc2 $1 $16 Ne6
30. Rd7 Bg7 31. Rb7 Bf8 32. Kf3 Kg7 $2 $138 33. Bg6 Nd8 34. Rd7 Kg8 35. Rxd8
fxg6 36. hxg6 Kg7 37. Kg4 $1 Ba3 $1 38. Kh5 $1 $18 (38. Nh5+ Kxg6 39. Rd7 Bb2
$16) 38... g4+ $8 39. Kxg4 Kxg6 40. Rg8+ Kf7 41. Rc8 $1 Rg5+ 42. Kf3 Bf8 43.
Rc7+ Ke6 44. Rc6+ Kf7 45. e4 Rb5 46. Nf5 Rb2 (46... h5 47. Ke3 Bc5+ 48. Kd3 $1
$18) 47. e5 1-0

[Event "World Cup"]
[Site "Reykjavik"]
[Date "1991.??.??"]
[Round "2"]
[White "Salov, Valery"]
[Black "Beliavsky, Alexander G"]
[Result "1-0"]
[WhiteElo "2665"]
[BlackElo "2655"]
[Annotator "Salov,V"]
[PlyCount "81"]
[EventDate "1991.09.??"]
[EventType "tourn"]
[EventRounds "15"]
[EventCountry "ISL"]
[EventCategory "16"]
[SourceTitle "CBM 026"]
[Source "ChessBase"]
[SourceDate "1992.02.01"]
[SourceVersion "1"]
[SourceVersionDate "1992.02.01"]
[SourceQuality "1"]

1. c4 {Ftacnik Ernst} e6 2. Nc3 d5 3. d4 Nf6 4. cxd5 exd5 5. Bg5 Be7 6. e3 c6
7. Bd3 O-O 8. Qc2 Nbd7 9. Nge2 Re8 10. O-O Nf8 11. a3 $5 (11. f3 Nh5 $6 (11...
Ng6 $142 12. e4 dxe4 13. fxe4 Be6 $13) 12. Bxe7 Qxe7 13. e4 dxe4 14. fxe4 Bg4
15. e5 Rad8 16. Ne4 Ng6 17. Rad1 Rf8 18. h3 Bxe2 19. Bxe2 Nhf4 20. Bc4 Kh8 $6 (
20... Nd5 $142 21. Nd6 Rxd6 22. exd6 Qxd6) 21. Rf3 f6 22. exf6 gxf6 23. Ng3 $16
{Ivanchuk-Yusupov,Brussels cm(3)1991}) 11... a5 (11... g6 $6 12. b4 Ne6 13. Bh4
a6 14. f3 Ng7 15. Bf2 h5 16. h3 Nh7 17. e4 Bh4 18. Qd2 Bxf2+ 19. Rxf2 $16 {
Kasparov-Beliavsky,Moscow TV 1987}) (11... Ng4 12. Bxe7 Qxe7 13. h3 Nf6 14. Ng3
Be6 15. Rae1 $14 {Polugaevsky-Torre,Zagreb izt 1987}) (11... Be6 $5 12. b4 Rc8
13. f3 Ng6 14. e4 dxe4 15. fxe4 a5 $132 {Gulko-Van der Sterren,Munich 1990})
12. f3 Ng6 {TN} (12... c5 13. Rad1 c4 14. Bf5 Bxf5 15. Qxf5 g6 16. Qc2 Ne6 17.
Bh4 Nc7 18. a4 $14 {Petursson,M-Bjornsson,T,Reykjavik(op)1990}) (12... h6 {
Ftacnik}) 13. e4 dxe4 14. fxe4 Bg4 (14... Be6 $5) (14... Be6 $5 {Ftacnik}) 15.
Bxf6 (15. Bc4 $5 b5 16. Bxf7+ Kxf7 17. e5 Kg8 18. exf6 gxf6 19. Bh6 $36) (15.
Rad1 Bxe2 16. Bxe2 Nxe4 17. Nxe4 Bxg5 18. Bc4 $44) 15... Bxf6 16. e5 Bg5 17.
Bc4 Be6 18. Bxe6 (18. Ne4 $5 Be7 (18... Nf4 19. Nd6 $5 Bxc4 20. Qxc4 Nxe2+ 21.
Kh1 $40) 19. Bxe6 fxe6 20. Rad1 $14) 18... Rxe6 19. Ne4 Be7 (19... Be3+ {Ernst}
20. Kh1 Bxd4 $2 21. Rad1 c5 22. Nxc5 $18) 20. Rad1 Qd5 21. N2c3 Qc4 22. b3 Qa6
23. Na4 b6 24. Rf3 c5 $1 (24... Rd8 $5 25. Rdf1 (25. Qf2) 25... Rxd4 26. Rxf7
Nxe5 27. Ng5 Qxf1+ 28. Rxf1 Bxg5 $44) 25. dxc5 bxc5 26. Naxc5 (26. Nexc5 $1 {
Ernst} Bxc5+ (26... Qc8 {Ernst} 27. Rc3 Rc6 28. Rd5 Nf4 29. Rd4 Ne6 30. Rdc4
$16) 27. Nxc5 Qb6 28. Rxf7 $1 Rc8 29. b4 axb4 30. axb4 Nxe5 31. Qf5 Ree8 32.
Re7 $18) 26... Qb6 27. Kh1 Rc6 28. Rc3 Nxe5 29. Rd5 $1 Qc7 (29... f6 $5) (29...
f6 $5 {Ftacnik}) 30. h3 Rc8 $138 (30... f5 31. Ne6 Rxc3 32. Nxc3 Qc6 33. Rxe5
Bf6 34. Nd4 $18) 31. b4 axb4 32. axb4 Ra8 33. Rd1 Bxc5 34. Nxc5 Qe7 35. Qe4 $1
Rac8 36. Re3 f6 37. Rd7 Qf8 $6 (37... Qe8 $142) (37... Qe8 {Ftacnik}) 38. Rb7
Kh8 $6 39. Rg3 R6c7 $2 (39... g6 40. Qh4 (40. Ra3 $1 $40) (40. Ra3 $1 $40 {
Ftacnik}) 40... R6c7 41. Ne6 Rxb7 42. Nxf8 Rxf8 $14) (39... Ng6 {Ernst} 40. h4
f5 $14) 40. Ne6 $18 Rc1+ 41. Kh2 1-0

[Event "EU-Cup 31st"]
[Site "Skopje"]
[Date "2015.10.20"]
[Round "3.3"]
[White "Nakamura, Hikaru"]
[Black "Ortega, Lexy"]
[Result "1-0"]
[WhiteElo "2816"]
[BlackElo "2478"]
[Annotator "Schulz,Andre"]
[PlyCount "77"]
[EventDate "2015.10.18"]
[EventType "team-swiss"]
[EventRounds "7"]
[EventCountry "MKD"]
[SourceTitle "CBM 169"]
[Source "ChessBase"]
[SourceDate "2015.11.10"]
[SourceVersion "1"]
[SourceVersionDate "2015.11.10"]
[SourceQuality "1"]
[WhiteTeam "Padova"]
[BlackTeam "Modena"]
[WhiteTeamCountry "ITA"]
[BlackTeamCountry "ITA"]

1. d4 d5 2. c4 c6 3. Nf3 Nf6 4. Nc3 e6 5. Bg5 Nbd7 6. cxd5 exd5 7. e3 Be7 8.
Bd3 O-O 9. Qc2 Re8 10. h3 Nf8 11. Bf4 Ng6 12. Bh2 Bd6 13. Bxd6 Qxd6 14. O-O-O
b6 15. g4 Bb7 16. g5 Ne4 17. Bxe4 dxe4 18. Nd2 c5 19. d5 $1 Qe7 (19... Rad8 20.
Ndxe4 Qb8 21. h4 $36) 20. Ndxe4 b5 21. f3 b4 22. Na4 Rad8 $2 ({Besser war} 
22... Qe5) 23. d6 Qe5 ({Der Zwischentausch} 23... Bxe4 {scheitert nun an} 24.
dxe7 {und der Td8 ist angegriffen (sonst ginge Lc2).}) 24. d7 Re7 25. Naxc5
Bxe4 26. Nxe4 Rdxd7 27. Kb1 Nf8 28. h4 Rc7 29. Qg2 Red7 30. h5 Rxd1+ 31. Rxd1
Ne6 32. f4 Qf5 {[#] Weiß zieht und gewinnt.} 33. Rd5 Qxd5 34. Nf6+ gxf6 35.
Qxd5 fxg5 36. f5 Rc5 37. Qe4 Nf8 38. h6 f6 39. Qe7 1-0

[Event "Wch U12"]
[Site "Porto Carras"]
[Date "2015.11.04"]
[Round "10"]
[White "Keymer, Vincent"]
[Black "Abdusattorov, Nodirbek"]
[Result "1/2-1/2"]
[WhiteElo "2347"]
[BlackElo "2432"]
[Annotator "Schulz,Andre"]
[PlyCount "103"]
[EventDate "2015.10.25"]
[EventType "swiss"]
[EventRounds "11"]
[EventCountry "GRE"]
[SourceTitle "CBM 169 Extra"]
[Source "ChessBase"]
[SourceDate "2015.12.18"]
[SourceVersion "1"]
[SourceVersionDate "2015.12.18"]
[SourceQuality "1"]
[WhiteClock "0:14:41"]
[BlackClock "0:17:00"]

1. d4 Nf6 2. c4 e6 3. Nf3 d5 4. Nc3 Be7 5. cxd5 exd5 6. Bg5 O-O 7. e3 h6 8. Bh4
c6 9. Bd3 Nbd7 10. Qc2 Re8 11. O-O Ne4 12. Bxe7 Qxe7 13. b4 Ndf6 14. Ne5 Nxc3
15. Qxc3 Ne4 16. Bxe4 dxe4 17. a4 Be6 18. Rfc1 Rec8 19. Rab1 Bd5 20. Qb2 g5 21.
Qe2 f6 22. Nc4 Kg7 23. Qg4 Rd8 24. Nd2 Rac8 25. h3 Kg6 26. Nf1 {[#] Vorteil
hat Weiß keinen erzielt. Und Schwarz geht nun forsch voran.} f5 27. Qe2 f4 28.
Nh2 h5 29. b5 c5 30. dxc5 Rxc5 31. Rxc5 Qxc5 32. Nf1 Be6 33. exf4 gxf4 34. Rd1
Rxd1 35. Qxd1 {[#] Schwarz steht besser, die Stellung ist für Weiß recht
unbequem. Aber mit den Damen auf dem Brett droht immer mal Dauerschach.} Qe5
36. Qd8 Bd5 {Es droht gelegentlich e3.} 37. Kh1 b6 {[#] Weiß ist fast im
Zugzwang.} 38. Qd7 $2 (38. Nd2 e3 $19) (38. a5 bxa5 39. Qxa5 e3 40. fxe3 fxe3
41. Qe1 e2 42. Ng3 Qe6 43. Kh2 Bc4 $19) (38. h4 {Scheint der einzige Zug zu
sein, der nicht sofort verliert.}) 38... e3 $2 ({Schwarz verpasst} 38... Qe6
39. Qc7 {Das Endspiel nach Damentausch ist sofort verloren.} e3 40. fxe3 Qxh3+
41. Nh2 Qxg2#) 39. fxe3 f3 ({Ein anderer Versuch war} 39... Qe4 $5 40. Qd6+ Qe6
(40... Kf5 41. Qf8+ Kg6 42. Qd6+ $11) 41. Qxe6+ Bxe6 42. exf4 Bb3 43. Ne3 Bxa4
44. g4 Bxb5 {und die verbundenen schwarzen Freibauern am Damenflügel werden
vielleicht schneller sein.}) 40. g3 (40. gxf3 Bxf3+ 41. Kg1 Qg5+ 42. Kf2 Qg2+
43. Ke1 Qe2#) 40... f2+ 41. Kh2 Kh6 (41... Qe4 42. Qd6+ Kg7 43. Qd7+ {mit
Dauerschach oder Gegenspiel.}) 42. Qd8 Kg7 43. Qd7+ Kg6 44. h4 Qe4 45. Qd6+ Kg7
46. Qc7+ Kg8 47. Qd8+ Kf7 48. Qd7+ Kg6 49. Qd6+ Kh7 50. Qc7+ Kg8 51. Qd8+ Kf7
52. Qd7+ 1/2-1/2

[Event "WchT Seniors 50"]
[Site "Radebeul"]
[Date "2016.07.02"]
[Round "7.1"]
[White "Vaganian, Rafael A"]
[Black "Boensch, Uwe"]
[Result "0-1"]
[WhiteElo "2577"]
[BlackElo "2545"]
[Annotator "Schulz,Andre"]
[PlyCount "74"]
[EventDate "2016.06.26"]
[EventType "team-swiss"]
[EventRounds "9"]
[EventCountry "GER"]
[SourceTitle "CBM 173 Extra"]
[Source "ChessBase"]
[SourceDate "2016.08.29"]
[SourceVersion "1"]
[SourceVersionDate "2016.08.29"]
[SourceQuality "1"]
[WhiteTeam "Armenia"]
[BlackTeam "Germany"]
[WhiteTeamCountry "ARM"]
[BlackTeamCountry "GER"]

1. d4 Nf6 2. c4 e6 3. Nc3 d5 4. cxd5 exd5 5. Bg5 Be7 6. Qc2 Nbd7 7. e3 c6 8.
Bd3 Nh5 {Der Zug wurde auf Top-Niveau jüngst wieder sehr beliebt.} (8... O-O)
9. Bxe7 Qxe7 10. Nge2 g6 11. O-O (11. O-O-O Nb6 12. Kb1 Ng7 13. Nf4 Bf5 14. Ka1
O-O-O 15. a4 Kb8 16. Bxf5 Nxf5 17. Nd3 Nc4 18. b3 Ncd6 19. Rb1 Rc8 20. Rhc1
Rhd8 21. Qa2 Ka8 22. g3 f6 23. Rc2 g5 24. Rbc1 Kb8 25. Nc5 Ng7 26. b4 Ne6 27.
Nxe6 Qxe6 28. b5 Nc4 29. e4 cxb5 30. exd5 Qb6 31. Nxb5 Nd6 32. Rc5 Nxb5 33.
axb5 Rxc5 34. dxc5 Qxb5 35. d6 Rc8 36. Qc4 Qxc4 37. Rxc4 Rc6 38. Re4 Kc8 39.
Re8+ Kd7 40. Re7+ Kd8 41. Rxh7 Rxc5 42. Rxb7 Rd5 43. Rxa7 {1/2-1/2 (43)
Sandipan,C (2574)-Kasimdzhanov,R (2704) Germany 2016}) 11... O-O 12. Rab1 Nb6
13. b4 a6 14. a4 Ng7 15. a5 Nd7 16. Na4 f5 (16... Nf6 17. Qc5 Re8 18. Qxe7 Rxe7
19. Ng3 h5 20. h4 Nfe8 21. Rbe1 Nd6 22. f3 Ngf5 23. Bxf5 Bxf5 24. Nc5 Rae8 25.
Kf2 f6 26. Re2 Be6 27. Rfe1 Kg7 28. e4 dxe4 29. Ngxe4 Nf5 30. Ng3 Kf7 31. Nxf5
gxf5 32. Nxe6 Rxe6 33. Rxe6 Rxe6 34. Rxe6 Kxe6 35. Ke3 Kd5 36. Kf4 Kc4 37. g4
fxg4 38. fxg4 hxg4 39. h5 Kxb4 40. h6 Kxa5 41. h7 Kb4 42. h8=Q a5 43. Qc8 {
1-0 (43) Korobov,A (2700)-Inarkiev,E (2660) Berlin 2015}) 17. Rfe1 Nf6 18. Ng3
(18. Nf4 {lädt zu} g5 {ein.}) 18... Nge8 19. f3 Nd6 20. Nc5 Qg7 21. Rbd1 {
Weiß steht optisch etwas besser, findet aber in der Folge keinen Weg, dies in
einem Angriff umzusetzen.} Kh8 22. Ne2 Bd7 23. Nf4 Rae8 24. Bf1 Bc8 25. Qc1 g5
26. Nfd3 Nh5 {[#]} 27. f4 $2 (27. Ne5 g4 {mit Gegenspiel.}) 27... gxf4 28. Ne5
({Hatte Weiß übersehen, dass nach} 28. Nxf4 Nxf4 29. exf4 Rxe1 30. Rxe1 Qxd4+
{der Bauer d4 hängt?}) 28... fxe3 29. Qxe3 Ne4 {Schwarz hat nun einfach einen
Bauern mehr und weiter gutes Spiel am Königsflügel und im Zentrum.} 30. Be2
Rg8 (30... f4 31. Qb3 Nhf6 $17) 31. Bf3 Ref8 32. Rf1 (32. Re2 {hätte mehr
Sicherheit auf der 2. Reihe gegeben.} f4 33. Qb3 {und} Ng5 {geht hier nicht:}
34. Bxh5 Nh3+ 35. Kh1) 32... f4 33. Qb3 Ng5 34. Rd2 (34. Bxh5 Nh3+ 35. Kh1
Qxg2#) 34... Nf6 35. Rb2 Nfe4 36. Qd1 Qh6 $1 {Mit einer hübschen Idee. [#]}
37. Ncd3 {Übersieht die schwarze Drohung.} Nh3+ (37... Nh3+ 38. Kh1 Ng3+ 39.
hxg3 Nf2+ 40. Kg1 Nxd1 {und Damengewinn.}) 0-1

[Event "Jakarta m"]
[Site "Jakarta"]
[Date "1994.??.??"]
[Round "3"]
[White "Adianto, Utut"]
[Black "Seirawan, Yasser"]
[Result "1/2-1/2"]
[WhiteElo "2520"]
[BlackElo "2600"]
[Annotator "Tietscher"]
[PlyCount "50"]
[EventDate "1994.11.??"]
[EventType "match"]
[EventRounds "4"]
[EventCountry "INA"]
[SourceTitle "CBM 046"]
[Source "ChessBase"]
[SourceDate "1995.06.01"]
[SourceVersion "1"]
[SourceVersionDate "1995.06.01"]
[SourceQuality "1"]

1. d4 Nf6 2. c4 e6 3. Nc3 d5 4. cxd5 exd5 5. Bg5 c6 6. e3 Be7 7. Qc2 Bg4 $6 {
/\Bg4-h5-g6 exchanging the bad B against the good B.} 8. h3 $1 Be6 (8... Bh5 $2
9. f4 $1 $16 {/\10.g4 Bg6 11.f5}) 9. Bd3 Nh5 10. Bxe7 Qxe7 {/\g6,Ng7 and Bf5.}
11. g4 $1 {Winning space on the K-side is combined with the idea of 0-0-0.} Nf6
12. Nge2 Nbd7 13. O-O-O O-O-O 14. Ng3 {The idea is to play for a central
breakwith f2-f3,e3-e4 and e4-e5.} (14. Na4 $1 {The better plan is to attack on
the Q-side with Nc5, and after Nd7xc5 to play dc5 followed by Ne2-d4.}) 14...
Kb8 15. Kb1 Nb6 16. f3 Ne8 17. Rhe1 Nc7 $1 {Black makes pressure against
White`s Pd4 blocking e3-e4.} (17... Nd6 $2 18. e4 $1 $16) 18. Bf1 Rd7 $1 19. f4
(19. e4 dxe4 20. fxe4 Rhd8 21. Qf2 Qb4 {Pd4 is weak.}) 19... f6 $1 (19... Rdd8
20. f5 $1) 20. f5 $6 (20. Bd3 $142) 20... Bf7 21. e4 dxe4 22. Ngxe4 Re8 23. Qf2
Qd8 24. Nc5 Rde7 25. Rxe7 Qxe7 (25... Qxe7 26. N3e4 Nbd5 27. Qg3 $13) 1/2-1/2